Sickness of cooperative spinning societies in Andhra Pradesh (Record no. 19941)
[ view plain ]
| 000 -LEADER | |
|---|---|
| fixed length control field | 00585nam a2200169Ia 4500 |
| 082 ## - DEWEY DECIMAL CLASSIFICATION NUMBER | |
| Classification number | RR.0208 |
| 100 ## - MAIN ENTRY--AUTHOR NAME | |
| Personal name | Rayudu, C.S. |
| 245 #0 - TITLE STATEMENT | |
| Title | Sickness of cooperative spinning societies in Andhra Pradesh |
| 260 ## - PUBLICATION, DISTRIBUTION, ETC. (IMPRINT) | |
| Year of publication | 1996 |
| Name of publisher | ICSSR, New Delhi |
| 300 ## - PHYSICAL DESCRIPTION | |
| Number of Pages | 356p. |
| 504 ## - BIBLIOGRAPHY, ETC. NOTE | |
| Bibliography, etc | Bibliography at the end |
| 650 ## - SUBJECT ADDED ENTRY--TOPICAL TERM | |
| Topical Term | SPINNING, COOPERATIVE - ANDHRA PRADESH |
| 650 ## - SUBJECT ADDED ENTRY--TOPICAL TERM | |
| Topical Term | COOPERATIVE SOCIETIES - ANDHRA PRADESH///SPINNING, COOPERATIVE - ANDHRA PRADESH |
| 650 ## - SUBJECT ADDED ENTRY--TOPICAL TERM | |
| Topical Term | INDUSTRIAL SICKNESS - ANDHRA PRADESH |
| 710 ## - ADDED ENTRY--CORPORATE NAME | |
| Corporate name or jurisdiction name as entry element | Sri Krishnadevaraya University, Department of Commerce |
| 942 ## - ADDED ENTRY ELEMENTS (KOHA) | |
| Koha item type | Research Reports |
| Source of classification or shelving scheme | Dewey Decimal Classification |
| Withdrawn status | Lost status | Damaged status | Not for loan | Collection code | Home library | Current library | Date acquired | Bill Date | Full call number | Accession Number | Price effective from | Koha item type |
|---|---|---|---|---|---|---|---|---|---|---|---|---|
| Not For Loan | ICSSR Research Project Reports | NASSDOC Library | NASSDOC Library | 08/10/2004 | 2004-10-05 | RR.0208 | 36621 | 18/04/2019 | Research Reports | |||
| NASSDOC Library | NASSDOC Library | 08/10/2004 | 2004-10-05 | RR.0208 | 36622 | 18/04/2019 | Books |
